000
00299nam a22001337a 4500
008
170524b xxu||||| |||| 00| 0 eng d
020
_a
9780130664624
041
_a
eng
080
_a
621.3
100
_a
26
101
_a
IM
245
_a
INDUSTRIAL POWER DISTRIBUTIOR
_c
FEHR,R.E
942
_2
udc
_c
BK
999
_c
14157
_d
14157